00653nam a22002297a 4500003000200000005001700002008000200019010001300021020002200034035002300056037001600079040001500095082001600110100002100126245004900147260003900196270005700235300002100292500004900313650003100362650003000393020180726123845.00 aB-120024 c00.00a8189161261 aB-120024, B-120025 bCen Lib/Ret aDPLbENc0 a305.56bJHA aJha, Ashok Kumar aDalitisation of dalits /cby Ashok Kumar Jha a DelhibAdhyayan Publishers c2004 aL-9B,Street no.42 Sadatpur extensionb Delhie110094 a278p. c21cm(Hb) aIncludes bibliographical reference and index aDalits--Political activity aDalits--Social conditions